000 00379nam a2200157Ia 4500
008 210210b1977 xxu||||| |||| 00| 0 eng d
082 _a575.1 HEXS
100 _aHEXTER (William)
245 _aScience of genetics
260 _aN Delhi
_bPrentice Hall
_c1977
300 _aix,596
650 _aGenetics
690 _aGenetics
700 _aYOST (Henry T)
906 _aSG01005
999 _c112173
_d112173